00434nam a2200145Ia 4500008004100000100002300041245008000064245002300144260003500167260000900202300002500211500000900236650002300245650002000268170224s9999 xx 000 0 und d aC. S. H. N. Murthy aMindful journalism and news ethics in the digital era: a Buddhist approach  cC. S. H. N. Murthy bAsian Journal of Communication c2016 a26:5,Pages: 504-506  a2016 xCommunication Arts xMultimedia Arts